| 000 | 00571nam a2200205 i 4500 | ||
|---|---|---|---|
| 001 | bg | ||
| 100 | 1 | _aLUYBEN, William L. | |
| 245 | 0 |
_aChemical process analysis : _bmass and energy balances / _cWillam L. Luyben, Leonard A. Wenzel. |
|
| 260 |
_aEnglewood Cliffs : _bPrenice-Hall, _ccop. 1988. |
||
| 650 | 9 | _aTechnologia chemiczna | |
| 650 | 9 | _aChemia | |
| 700 | 1 | _aWENZEL, Leonard A. | |
| 020 | _a013128844X | ||
| 040 | _cBPK | ||
| 041 | _apol | ||
| 080 | _a54:66.01/.09 | ||
| 920 | _a0-13-128844-X | ||
| 942 | _cKS | ||
| 008 | s pl f |000 0 pol | ||
| 999 |
_c28899 _d28899 |
||
| 856 |
_uhttp://koha.tu.koszalin.pl/cgi-bin/koha/opac-detail.pl?biblionumber=28899 _yKatalog online BPK |
||